| Tag |
First Indicator |
Second Indicator |
Subfields |
| LEADER |
00000cam a2200000 4500 |
| 001 |
in00000047836 |
| 005 |
20190207093424.0 |
| 008 |
750707s1961 nyu 00000 eng u |
| 010 |
|
|
|a 61009515
|
| 035 |
|
|
|a (OCoLC)01432567
|
| 035 |
|
|
|9 AAF3420AM
|
| 040 |
|
|
|c ORL
|d TXA
|d UtOrBLW
|
| 049 |
|
|
|a TXAM
|c [340804]
|
| 050 |
0 |
0 |
|a TX725
|b .H38
|
| 082 |
0 |
|
|a 641.594
|
| 092 |
|
|
|a 641.5
|b H431c, 1961
|
| 100 |
1 |
|
|a Hazelton, Nika Standen.
|
| 245 |
1 |
4 |
|a The continental flavor :
|b a cookbook.
|
| 264 |
|
1 |
|a Garden City, N.Y. :
|b Doubleday,
|c 1961.
|
| 300 |
|
|
|a 442 pages ;
|c 22 cm.
|
| 336 |
|
|
|a text
|b txt
|2 rdacontent
|
| 337 |
|
|
|a unmediated
|b n
|2 rdamedia
|
| 338 |
|
|
|a volume
|b nc
|2 rdacarrier
|
| 500 |
|
|
|a The Cushing Library/Chapman Texas Collection copy is part of the Floyd & Louise Chapman Texas & Borderlands Collection.
|5 TXA
|
| 500 |
|
|
|a "The Texas Cookbook Collection"
|
| 536 |
|
|
|a The Cushing Library/Texas & Borderlands copy was donated by Bonnie and John Kamenar.
|
| 650 |
|
0 |
|a Cooking, European.
|
| 999 |
|
|
|a MARS
|
| 999 |
f |
f |
|s d92bfec3-614d-3f08-a696-335bffb16d82
|i 9888decc-9604-350e-bbb5-8d648a136d28
|t 0
|
| 952 |
f |
f |
|p ric
|a Texas A&M University
|b Rellis Campus
|c Joint Library Facility
|d Remote Storage
|t 0
|e TX725 .H38
|h Library of Congress classification
|i unmediated -- volume
|m A14801101636
|
| 952 |
f |
f |
|p noncirc
|a Texas A&M University
|b College Station
|c Cushing Memorial Library & Archives
|d Cushing: Chapman Texas Collection (Does not check out)
|t 0
|e TX725 .H38
|h Library of Congress classification
|i unmediated -- volume
|
| 998 |
f |
f |
|a TX725 .H38
|t 0
|l Cushing: Chapman Texas Collection (Does not check out)
|
| 998 |
f |
f |
|a TX725 .H38
|t 0
|l Remote Storage
|